| 000 | 01086nam0a22002171i 4500 | ||
|---|---|---|---|
| 001 | rc\563502 | ||
| 005 | 20240726020321.0 | ||
| 035 | _a(NLR Aleph) 005798443 | ||
| 090 |
_a5271060 _c5271060 |
||
| 100 | _a20030616d1988 u |0rusy50 ca | ||
| 101 | 0 | _arus | |
| 102 | _aRU | ||
| 105 | _ay ||||||||| | ||
| 200 | 1 |
_aРоль печати в становлении и укреплении авангардной партии общества социалистической ориентации _e(Деятельность газ. "Ас-Саурий" - печ. органа Йемен. соц. партии в 1975-1985 гг.) _eАвтореф. дис. на соиск. учен. степ. канд. филол. наук _e(10.01.10) _fМГУ им. М.В. Ломоносова, Фак. журналистики, Каф. истории зарубеж. печати и лит. |
|
| 210 |
_aМ. _d1988 |
||
| 215 | _a19 с. | ||
| 700 | 1 |
_aМохаммед _bА.О. _gАбдельрахман Омар |
|
| 801 | 0 |
_aRU _bNLR _gpsbo |
|
| 801 | 1 |
_aRU _bELAR _2rusmarc |
|
| 852 |
_aNLR _jА88/24394 |
||
| 942 | _cBOOK | ||